Los sueños de mi padre: una historia de raza y herencia

Gespeichert in:
Bibliographische Detailangaben
1. Verfasser: Obama, Barack (autor)
Format: Buch
Sprache:Spanisch
Veröffentlicht: Santiago Random House Mondadori 2009
Ausgabe:3a. ed
Schriftenreihe:Memorias
Schlagworte:
Tags: Tag hinzufügen
Keine Tags, Fügen Sie den ersten Tag hinzu!

MARC

LEADER 00000nam a2200000 a 4500
001 UCH3006
003 CL-VaPUC
008 090709e20090000CL |||||||||||||||||spa|d
020 |a 9789568410247 
082 0 4 |a 305  |b OBA  |2 21 
100 |a Obama, Barack  |e autor  |9 538114 
245 1 4 |a Los sueños de mi padre: una historia de raza y herencia 
250 |a 3a. ed 
300 |a 405 p 
942 |c BK 
945 |d 20090709 00:00:00  |a cmena 
260 |a Santiago  |b Random House Mondadori  |c 2009 
500 |a En estas memorias líricas y absorbentes, el hijo de un africano negro y una estadounidense blanca busca un significado viable a su vida como negro afroamericano. Comienzan en Nueva York, donde Barack Obama se entera de que su padre ha fallecido en un accidente automovilístico. La inesperada noticia provoca en él un viaje físico y emocional que le lleva de Kansas a Hawai y más tarde a Kenia, en una emotiva odisea que le permitirá conocer realmente a su familia, la amarga verdad de su padre, y conciliar al fin las distintas partes de su fragmentada herencia 
500 |a Barack Obama fue elegido el 44§ Presidente de los Estados Unidos el 4 de noviembre de 2008 
650 7 |a GRUPOS RACIALES  |2 CL-VaPUC  |9 324199 
650 0 |a Afroamericanos   |9 718656 
650 0 |a Biografías  |9 255210 
650 0 |a Racismo  |9 255805 
650 0 |a Problemas sociales  |9 258537 
650 0 |a Clases sociales  |9 256858 
651 0 |a Estados Unidos  |9 255178 
583 |a last modification  |c 20180514 09:59:00  |k Rodrigo Vera 
490 0 |a Memorias 
999 |c 334663  |d 334661 
952 |0 0  |1 0  |4 0  |6 305_000000000000000_OBA_2009  |7 0  |8 C  |9 423793  |a BIBCUR  |b BIBCUR  |d 2019-11-22  |i 4568168  |l 1  |o 305 OBA 2009  |p 4568168  |r 2025-04-22  |s 2024-09-16  |w 2019-11-22  |y BK  |k CAC